The New encyclopaedia Britannica (Record no. 4533)
[ view plain ]
| 000 -LEADER | |
|---|---|
| fixed length control field | 00962cam a2200301 a 4500 |
| 001 - CONTROL NUMBER | |
| control field | 29837225 |
| 003 - CONTROL NUMBER IDENTIFIER | |
| control field | OCoLC |
| 005 - DATE AND TIME OF LATEST TRANSACTION | |
| control field | 20181207102120.0 |
| 008 - FIXED-LENGTH DATA ELEMENTS--GENERAL INFORMATION | |
| fixed length control field | 940516s1994 iluab be 001 0deng |
| 010 ## - LIBRARY OF CONGRESS CONTROL NUMBER | |
| LC control number | 92085083 //r95 |
| 020 ## - INTERNATIONAL STANDARD BOOK NUMBER | |
| International Standard Book Number | 085229591X |
| 040 ## - CATALOGING SOURCE | |
| Original cataloging agency | DLC |
| Transcribing agency | DLC |
| Modifying agency | DOM |
| 050 00 - LIBRARY OF CONGRESS CALL NUMBER | |
| Classification number | AE5 |
| Item number | .E363 1994 |
| 082 ## - DEWEY DECIMAL CLASSIFICATION NUMBER | |
| Classification number | REF 032 |
| 245 04 - TITLE STATEMENT | |
| Title | The New encyclopaedia Britannica |
| 246 10 - VARYING FORM OF TITLE | |
| Title proper/short title | Encyclopaedia Britannica |
| 246 10 - VARYING FORM OF TITLE | |
| Title proper/short title | Encyclopedia Britannica |
| 250 ## - EDITION STATEMENT | |
| Edition statement | 15th ed |
| 260 ## - PUBLICATION, DISTRIBUTION, ETC. | |
| Place of publication, distribution, etc. | Chicago : |
| Name of publisher, distributor, etc. | Encyclopaedia Britannica, |
| Date of publication, distribution, etc. | c1994 |
| 300 ## - PHYSICAL DESCRIPTION | |
| Extent | 32 v. : |
| Other physical details | ill. (some col.), maps ; |
| Dimensions | 29 cm. + |
| Accompanying material | Supplement |
| 500 ## - GENERAL NOTE | |
| General note | Spine title: Britannica |
| 504 ## - BIBLIOGRAPHY, ETC. NOTE | |
| Bibliography, etc. note | Includes bibliographical references |
| 505 0# - FORMATTED CONTENTS NOTE | |
| Formatted contents note | v. 1-12. Micropaedia -- v. 13-29. Macropaedia -- [v. 30] Propaedia -- [v. 31-32] Index -- Supplement 1-2 |
| 650 #0 - SUBJECT ADDED ENTRY--TOPICAL TERM | |
| Topical term or geographic name entry element | Encyclopedias and dictionaries |
| 710 2# - ADDED ENTRY--CORPORATE NAME | |
| Corporate name or jurisdiction name as entry element | Encyclopaedia Britannica, inc |
| 740 01 - ADDED ENTRY--UNCONTROLLED RELATED/ANALYTICAL TITLE | |
| Uncontrolled related/analytical title | Britannica |
| 942 ## - ADDED ENTRY ELEMENTS (KOHA) | |
| Source of classification or shelving scheme | Dewey Decimal Classification |
| Koha item type | Reference |
| Withdrawn status | Lost status | Source of classification or shelving scheme | Damaged status | Not for loan | Collection code | Home library | Current library | Shelving location | Date acquired | Cost, normal purchase price | Serial Enumeration / chronology | Total Checkouts | Full call number | Barcode | Date last seen | Price effective from | Koha item type |
|---|---|---|---|---|---|---|---|---|---|---|---|---|---|---|---|---|---|
| Dewey Decimal Classification | Not For Loan | Reference | Harvest Mission College | Harvest Mission College | Reference | 07.12.2018 | 5500.00 | PROPAEDIA Outline Of Knowledge | REF 032 | 005081 | 07.12.2018 | 07.12.2018 | Reference | ||||
| Dewey Decimal Classification | Not For Loan | Reference | Harvest Mission College | Harvest Mission College | Reference | 07.12.2018 | 5500.00 | The Index A-K | REF 032 | 005079 | 07.12.2018 | 07.12.2018 | Reference | ||||
| Dewey Decimal Classification | Not For Loan | Reference | Harvest Mission College | Harvest Mission College | Reference | 07.12.2018 | 5500.00 | The Index L-Z | REF 032 | 005080 | 07.12.2018 | 07.12.2018 | Reference |
